<?xml version="1.0" encoding="UTF-8"?>
<record
    xmlns:xsi="http://www.w3.org/2001/XMLSchema-instance"
    xsi:schemaLocation="http://www.loc.gov/MARC21/slim http://www.loc.gov/standards/marcxml/schema/MARC21slim.xsd"
    xmlns="http://www.loc.gov/MARC21/slim">

  <leader>01428nam a2200157Ia 4500</leader>
  <controlfield tag="008">220216s9999    xx            000 0 und d</controlfield>
  <datafield tag="100" ind1=" " ind2=" ">
    <subfield code="a">Manju Madhusudhan</subfield>
  </datafield>
  <datafield tag="245" ind1=" " ind2="0">
    <subfield code="a">Optimum replacement age of rubber plantations in Kottayam district of Kerala</subfield>
  </datafield>
  <datafield tag="260" ind1=" " ind2=" ">
    <subfield code="b">Mysore Journal of Agricultural Sciences</subfield>
    <subfield code="c">2003</subfield>
  </datafield>
  <datafield tag="300" ind1=" " ind2=" ">
    <subfield code="a">205-208</subfield>
  </datafield>
  <datafield tag="520" ind1=" " ind2=" ">
    <subfield code="a">Rubber is one of the major plantation crops cultivated in Kerala. In Kottayam district, the competition between rubber and coconut is maximum. A study was conducted in 1998 March in Meenachil and Kottayam taluks of Kottayam district, in order to out the peak bearings age and optimum replacement age of rubber plantations. Although the farmers are not aware about the losses incurred by them, by keeping the plantation year after year, studies regarding this aspects are lacking in this crop in order to make them aware of the replacement age. Here the peak bearing age was identified as the 21st year, by fitting a quadratic regression by taking age and age was variables keeping the input and labour cost constant. Similarly, optimum replacement age 2 as calculated by finding out the annuities. The year at which the annuity attained a peak will be optimum replacement age. Hence it is identified as the 29th year. Therefore replacement should be effected at the 29th year.</subfield>
  </datafield>
  <datafield tag="650" ind1=" " ind2=" ">
    <subfield code="a">Kottayam</subfield>
  </datafield>
  <datafield tag="650" ind1=" " ind2=" ">
    <subfield code="a">Rubber plantation</subfield>
  </datafield>
  <datafield tag="700" ind1=" " ind2=" ">
    <subfield code="a">Chinnappa Reddy B V</subfield>
  </datafield>
  <datafield tag="942" ind1=" " ind2=" ">
    <subfield code="c">JS</subfield>
  </datafield>
  <datafield tag="999" ind1=" " ind2=" ">
    <subfield code="c">64452</subfield>
    <subfield code="d">64452</subfield>
  </datafield>
  <datafield tag="952" ind1=" " ind2=" ">
    <subfield code="0">0</subfield>
    <subfield code="1">0</subfield>
    <subfield code="4">0</subfield>
    <subfield code="7">8</subfield>
    <subfield code="a">MAIN</subfield>
    <subfield code="b">MAIN</subfield>
    <subfield code="c">81</subfield>
    <subfield code="d">2021-12-17</subfield>
    <subfield code="h">Volume 37, Issue 3</subfield>
    <subfield code="l">0</subfield>
    <subfield code="r">2021-12-17 00:00:00</subfield>
    <subfield code="w">2022-02-16</subfield>
    <subfield code="y">JS</subfield>
  </datafield>
</record>
